| 000 | 00403nam a22001337a 4500 | ||
|---|---|---|---|
| 003 | SGT | ||
| 082 |
_a617.525 _bA14G |
||
| 100 | _aMEGHA, GUPTA | ||
| 245 | _aA COMPARATIVE STUDY OF DIAGNOSTIC ACCURACY OF PANORAMIC RADIOGRAPHY AND CONE BEAM CT IN IMPACTED MANDIBULAR THIRD MOLARS | ||
| 260 |
_aDELHI NCR _bSGT UNIVERSITY GURUGRAM _c2014 |
||
| 300 | _a1-61 | ||
| 650 | _aORAL SURGERY | ||
| 942 |
_2ddc _cTH |
||
| 999 |
_c16177 _d16177 |
||